000 00687cam a2200241 4500500
005 20260329005110.0
041 _afre
042 _adc
100 1 0 _aDurand, Jean-Marie
_eauthor
245 0 0 _aPoétique d’une idole. Rêver Johnny
260 _c2022.
500 _a41
690 _aCélébrité
690 _aGilets jaunes
690 _aIdole
690 _aJohnny
690 _aJohnny Hallyday
690 _aJulia Deck
690 _aPeuple
690 _aReconnaissance
786 0 _nPhilosophie magazine | 160 | 6 | 2022-06-01 | p. 53-54 | 1951-1787
856 4 1 _uhttps://shs.cairn.info/magazine-philosophie-magazine-2022-6-page-53?lang=fr&redirect-ssocas=7080
999 _c1840278
_d1840278